000 00598nam a2200217Ia 4500
001 12233
003 GE_BSU
008 181216s||||||||xx |||||||||||||| ||und||
020 _a0521631564
040 _cGE_BSU
080 _a821.353.1.09
245 _aEarly Modern English Literature The Cambridge History Of.
245 _cEdited By David Loewenstein and Janel Mueller.
260 _aCambridge.
260 _bCambridge University Press.
260 _c2002
300 _a1038p;23cm.
541 _h181ლ.
653 _aEarly Modern English Literature The Cambridge History Of.
942 _cBK
999 _c45409
_d45409